书目信息 |
| 题名: |
古诗如月
|
|
| 作者: | 郁慧娟 , 李春丽 , 孙红梅 编著 | |
| 分册: | ||
| 出版信息: | 天津 南开大学出版社 2014.5 |
|
| 页数: | 242页 | |
| 开本: | 24cm | |
| 丛书名: | 国家特色专业包头师范学院汉语言文学专业建设丛书 | |
| 单 册: | ||
| 中图分类: | G634.303 | |
| 科图分类: | ||
| 主题词: | 古典诗歌--Gu Dian Shi Ge--中国--中学--教学参考资料 , 中国--Zhong Guo , 中学--Zhong Xue , 教学参考资料--Jiao Xue Can Kao Zi Liao | |
| 电子资源: | ||
| ISBN: | 978-7-310-04447-4 | |
| 000 | 01320nam0 22003131 450 | |
| 001 | 350670 | |
| 005 | 20161012082049.10 | |
| 010 | @a978-7-310-04447-4@dCNY36.00 | |
| 100 | @a20140704d2014 em y0chiy50 ea | |
| 101 | 0 | @achi |
| 102 | @aCN@b120000 | |
| 105 | @ay z 000yy | |
| 106 | @ar | |
| 200 | 1 | @a古诗如月@AGu Shi Ru Yue@f郁慧娟,李春丽,孙红梅编著 |
| 210 | @a天津@c南开大学出版社@d2014.5 | |
| 215 | @a242页@d24cm | |
| 225 | 2 | @a国家特色专业包头师范学院汉语言文学专业建设丛书@AGuo Jia Te Se Zhuan Ye Bao Tou Shi Fan Xue Yuan Han Yu Yan Wen Xue Zhuan Ye Jian She Cong Shu |
| 330 | @a本书选题为“中学语文古诗词精解”,所选篇目依据人教版中学语文古诗词选录顺序进行精解,每篇体例包括三部分:原文、正文解析、链接阅读作品,是一部深度鉴赏中学语文所涉古典诗词的著作,适合于中学教师、大学在校学生与喜爱诗词但不太懂得如何鉴赏的一般读者阅读。 | |
| 461 | 0 | @12001 @a国家特色专业包头师范学院汉语言文学专业建设丛书 |
| 606 | 0 | @a古典诗歌@AGu Dian Shi Ge@y中国@x中学@j教学参考资料 |
| 606 | 0 | @a中国@AZhong Guo |
| 606 | 0 | @a中学@AZhong Xue |
| 606 | 0 | @a教学参考资料@AJiao Xue Can Kao Zi Liao |
| 690 | @aG634.303@v5 | |
| 701 | 0 | @a郁慧娟@AYu Hui Juan@4编著 |
| 701 | 0 | @a李春丽@ALi Chun Li@4 编著 |
| 701 | @a孙红梅@ASun Hong Mei@4编著 | |
| 801 | 0 | @aCN@bTANGWEI@c20160805 |
| 905 | @b0891195-9@dG634.303@e1198@f5 | |
| 古诗如月/郁慧娟,李春丽,孙红梅编著.-天津:南开大学出版社,2014.5 |
| 242页;24cm.-(国家特色专业包头师范学院汉语言文学专业建设丛书) |
| ISBN 978-7-310-04447-4:CNY36.00 |
| 本书选题为“中学语文古诗词精解”,所选篇目依据人教版中学语文古诗词选录顺序进行精解,每篇体例包括三部分:原文、正文解析、链接阅读作品,是一部深度鉴赏中学语文所涉古典诗词的著作,适合于中学教师、大学在校学生与喜爱诗词但不太懂得如何鉴赏的一般读者阅读。 |
| ● |
| 相关链接 |
|
|
|
|
正题名:古诗如月
索取号:G634.303/1198
 
预约/预借
| 序号 | 登录号 | 条形码 | 馆藏地/架位号 | 状态 | 备注 |
| 1 | 0891195 | 208911953 | 第一样本阅览室/ [索取号:G634.303/1198] | 在馆 | |
| 2 | 0891196 | 208911962 | 第四借阅区/ [索取号:G634.303/1198] | 在馆 | |
| 3 | 0891197 | 208911971 | 第四借阅区/ [索取号:G634.303/1198] | 在馆 | |
| 4 | 0891198 | 208911980 | 第四借阅区/ [索取号:G634.303/1198] | 在馆 | |
| 5 | 0891199 | 208911999 | 第四借阅区/ [索取号:G634.303/1198] | 在馆 |